Contribución al conocimiento de los Anelidos (Annelida: Polychaeta) de aguas someras en la Bahía de Neguange Parque Nacional Natural Tayrona, Colombia (Registro nro. 16169)

Detalles MARC
000 -CABECERA
Campo de control 004280000a22001090004500
090 ## - CLASIFICACIÓN LOCAL
Colección AS
Consecutivo Seriadas
041 0# - IDIOMA
Código de idioma para texto/pista de sonido o título separado
100 1# - ASIENTO PRINCIPAL--NOMBRE PERSONAL
Nombre personal Rodríguez Gómez, Horacio
245 10 - MENCION DE TITULO
Título Contribución al conocimiento de los Anelidos (Annelida: Polychaeta) de aguas someras en la Bahía de Neguange Parque Nacional Natural Tayrona, Colombia
773 1# - Item fuente:
Título Trianea
Datos de la serie Acta Científica y Tecnológica
Descripción física 2
Paginas del Articulo 403-443
Lugar, editorial y fecha de publicación 1988
942 ## - ELEMENTOS ADICIONALES (KOHA)
Tipo de ítem Artículo

No hay ítems disponibles.